<?xml version="1.0" encoding="UTF-8"?>
<marc:record xmlns:marc="http://www.loc.gov/MARC21/slim">
   <marc:leader>00000nam a2200000 a 4500</marc:leader>
   <marc:datafield ind1="0" ind2="0" tag="245">
      <marc:subfield code="a">Der Pinguin meines Lebens</marc:subfield>
   </marc:datafield>
   <marc:datafield ind1="1" ind2=" " tag="520">
      <marc:subfield code="a">Tom, ein mürrischer Lehrer, kommt 1976 nach Buenos Aires, um an einem Jungeninternat Englisch zu unterrichten. Inmitten des Militärputsches sind auch seine Schüler aufsässig. Doch sein Leben ändert sich komplett, als er am Strand von Uruguay einen Pinguin rettet, den er trotz aller Bemühungen nicht wieder loswird. Der Vogel wird ihm ein treuer Freund und für die Schüler zum Pinguin des Vertrauens. Pinguine sind nämlich nicht nur wahnsinnig niedlich, sondern auch hervorragende Zuhörer...</marc:subfield>
   </marc:datafield>
   <marc:datafield ind1=" " ind2=" " tag="338">
      <marc:subfield code="a">Videodisk</marc:subfield>
   </marc:datafield>
   <marc:datafield ind1=" " ind2=" " tag="300">
      <marc:subfield code="a">107 Minuten</marc:subfield>
   </marc:datafield>
</marc:record>
